Statistics for Most Populated US Cities By 2050

Click here to take the quiz!

General Stats

  • This quiz has been taken 144 times
  • The average score is 8 of 10

Answer Stats

Population City % Correct
24.77 MNew York City
99%
16.22 MLos Angeles
98%
11.93 MChicago
95%
6.06 MHouston
93%
6.51 MDallas - Fort Worth
91%
7.53 MMiami
85%
7.36 MPhiladelphia
78%
6.04 MBoston
70%
6.19 MAtlanta
64%
5.87 MWashington, D.C.
64%

Score Distribution

Percentile by Number Answered

Percent of People with Each Score

Your Score History

You have not taken this quiz